Cartas filosóficas a D. Ramón de Campoamor en contestación a su obra de "Lo absoluto" / (Record no. 158904)

MARC details
000 -LEADER
campo de control de longitud fija 00836nam a2200193 i 4500
001 - NÚMERO DE CONTROL
campo de control 158904
003 - IDENTIFICADOR DE NÚMERO DE CONTROL
campo de control ES-MaACL
005 - FECHA Y HORA DE LA ÚLTIMA TRANSACCIÓN
campo de control 20251120063143.0
008 - DATOS DE LONGITUD FIJA--INFORMACIÓN GENERAL
campo de control de longitud fija 931025s1866 sp |||| | spa d
040 ## - FUENTE DE CATALOGACIÓN
Centro catalogador/agencia de origen AS
Lengua de catalogación spa
Centro/agencia transcriptor PAB
100 1# - ENTRADA PRINCIPAL--NOMBRE DE PERSONA
Nombre de persona Martín Mateos, Nicomedes,
Fechas asociadas al nombre 1806-1890
9 (RLIN) 129604
245 10 - MENCIÓN DEL TÍTULO
Título Cartas filosóficas a D. Ramón de Campoamor en contestación a su obra de "Lo absoluto" /
Mención de responsabilidad, etc. por Nicomedes Martín Mateos.
260 ## - PUBLICACIÓN, DISTRIBUCIÓN, ETC.
Lugar de publicación, distribución, etc. Béjar :
Nombre del editor, distribuidor, etc. [s.n.],
Fecha de publicación, distribución, etc. 1866 (
Fabricante Imprenta de Tellez y Compañía, a cargo de Ramón Feni)
300 ## - DESCRIPCIÓN FÍSICA
Extensión 117 p. ;
Dimensiones 22 cm.
600 14 - PUNTO DE ACCESO ADICIONAL DE MATERIA--NOMBRE DE PERSONA
Nombre de persona Campoamor, Ramón de,
Fechas asociadas al nombre 1817-1901
9 (RLIN) 34232
650 #4 - PUNTO DE ACCESO ADICIONAL DE MATERIA--TÉRMINO DE MATERIA
Término de materia o nombre geográfico como elemento de entrada Absoluto.
9 (RLIN) 161479
852 ## - LOCALIZACIÓN
Ubicación ES-MaACL
Número de control de estantería T-1262-F-2
Nota libre -- Enc. hol. conservando la cub. original
-- -- Dedicatoria del autor a Laureano Figuerola
-- -- Enc. en un vol. facticio
Holdings
Estatus retirado Estado de pérdida Estado de daño No para préstamo Colección Biblioteca de origen Biblioteca actual Ubicación en estantería Fecha de adquisición Total de préstamos Signatura topográfica completa Código de barras Visto por última vez Precio de reemplazo Tipo de ítem Koha
        Colección de folletos Biblioteca del Ateneo de Madrid Biblioteca del Ateneo de Madrid Depósito folletos 17/01/2008   T-1262-F-2 1166321 23/02/2023 23/02/2023 Folleto